000
00242nam a2200097Ia 4500
008
230915s9999 xx 000 0 und d
050
_a
RC 46 .K86 2009
100
_a
KUMAR, PARVEEN
245
0
_a
KUMAR & CLARK'S CLINICAL MEDICINE
942
_c
BK
999
_c
195864
_d
195864